header

Consultative closing (Record no. 216633)

MARC details
000 -LEADER
fixed length control field 01528nam a22003134a 4500
082 04 - DEWEY DECIMAL CLASSIFICATION NUMBER
Classification number 658.85
100 1# - MAIN ENTRY--AUTHOR NAME
Personal name Bennett, Greg,
245 10 - TITLE STATEMENT
Title Consultative closing
260 ## - PUBLICATION, DISTRIBUTION, ETC. (IMPRINT)
Place of publication New York :
Name of publisher AMACOM,
Year of publication c2007.
300 ## - PHYSICAL DESCRIPTION
Number of Pages ix, 242 p.
500 ## - GENERAL NOTE
General note Includes index.
505 0# - FORMATTED CONTENTS NOTE
Formatted contents note Consultative salespeople often struggle with closing -- Creating mini-steps in the closing process -- How to create mini-steps in the closing process -- How to use mini-steps to close for action -- Embracing no as a sales culture -- Consultative closing by focusing on after the sale -- Consultative closing for managers (a short course) -- A 4-week plan for implementation and lasting success.
650 #0 - SUBJECT ADDED ENTRY--TOPICAL TERM
Topical Term Selling.
856 40 - ELECTRONIC LOCATION AND ACCESS
Uniform Resource Identifier http://site.ebrary.com/lib/rucke/Doc?id=10196175

No items available.

© 2026 Rongo University
Contact us: librarian | system librarian | Rongo university